|
|
|
|
| LEADER |
00000nab a2200000 ar4500 |
| 001 |
vtls010511737 |
| 003 |
SK-MaSNL |
| 005 |
20260303202926.0 |
| 008 |
130520c2013 xo wr|p|||||||000 b|slo |
| 038 |
|
|
|a PPPK
|
| 040 |
|
|
|a PPPKCL
|b slo
|c PPPKCL
|e AACR2
|
| 041 |
0 |
|
|a slo
|
| 044 |
|
|
|a xo
|c SK
|
| 080 |
|
|
|a 342.51-051
|2 2001
|
| 245 |
0 |
0 |
|a Predseda vlády na návšteve v regióne
|c [text a foto] (red)
|
| 300 |
|
|
|b Fotogr.
|
| 600 |
1 |
7 |
|a Fico, Robert,
|d 1964-
|2 pppkcl
|9 13683
|
| 610 |
1 |
7 |
|a Slovensko.
|b Premiér (2012-2018 : Fico)
|2 pppkcl
|9 176985
|
| 610 |
2 |
7 |
|a Chemosvit (Svit, Slovensko)
|2 pppkcl
|9 269229
|
| 648 |
|
7 |
|a 10.1.2013
|2 pppkcl
|9 1234966
|
| 650 |
0 |
7 |
|a premiéri
|2 pppkcl
|9 4120
|
| 650 |
0 |
7 |
|a pracovné návštevy
|2 pppkcl
|9 69996
|
| 651 |
|
7 |
|a Svit (Slovensko)
|2 pppkcl
|9 29648
|
| 651 |
|
7 |
|a Poprad (Slovensko : okres)
|2 pppkcl
|9 28675
|
| 773 |
0 |
|
|t Podtatranský kuriér : spoločensko-ekonomický týždenník
|g Roč. III, č. 3 (2013), s. 1 a 3
|x 1338-5402
|
| 852 |
|
|
|a PPPK
|b KIS3GCP
|
| 999 |
|
|
|c 2182721
|d 2184651
|